00865nam a2200205 a 450000100100000000500170001000800410002704000250006808200150009310000430010824500620015126000360021330000200024949000260026950000770029550000620037283000350043495201730046999900170064200004560420201002052336.0150416s1974 dr a 000 0 spa d aDO-SdBNPbspacBNPHU axxxxbxxxx1 aGarcía Bidó, Rafael,d1953-95338710aPoemas agónicos :b1972-1973 /cRafael García Bidó. aSanto Domingo :bTaller,c1974. a53 p. ;c21 cm.1 aBiblioteca Tallerv40 aIncluye datos biográficos del autor en la solapa de la contracubierta. aPerteneció a la biblioteca personal de Erick Landestoy. 0aBiblioteca Taller ;n40973671 0010718PDaPDbPDcCTd2015-04-16iLF1l0oxxxx xxxxp45604-10r2020-06-25w2020-06-25yLFPDz Perteneció a la biblioteca personal de Erick Landestoy.ZNo se presta c45093d45093